[Event "Hamburg St Pauli op-A"]
[Site "Hamburg"]
[Date "2010.07.12"]
[Round "3"]
[White "Andersen, Jens Knud"]
[Black "Baerwinkel, Tobias"]
[Result "0-1"]
[WhiteElo "2183"]
[BlackElo "2337"]
[PlyCount "108"]
[EventDate "2010.07.10"]
[EventType "swiss"]
[EventRounds "9"]
[EventCountry "GER"]
[SourceTitle "EXT 2013"]
[Source "ChessBase"]
[SourceDate "2012.11.22"]
[SourceVersion "1"]
[SourceVersionDate "2012.11.22"]
[SourceQuality "1"]

1. Nf3 Nf6 2. g3 b5 3. Bg2 Bb7 4. 0-0 c5 5. b3 g6 6. Bb2 Bg7 7. c4 bxc4 8. bxc4 0-0 9. d3 d6 10. Nc3 Qa5 11. Qb3 Bc6 12. Nb5 a6 13. Bc3 Qd8 14. Na3 Qc7 15. Nc2 Nbd7 16. Rab1 h6 17. Ne3 Rfb8 18. Qc2 Re8 19. Nd2 Bxg2 20. Nxg2 Qc6 21. e4 e6 22. Ne3 d5 23. cxd5 exd5 24. exd5 Nxd5 25. Nxd5 Qxd5 26. Bxg7 Kxg7 27. Qc3+ Ne5 28. f4 Qxd3 29. Rfc1 Qxd2 30. fxe5 Qxc3 31. Rxc3 Rxe5 32. Rb7 Rd8 33. Rf3 Rd1+ 34. Kg2 Rd2+ 35. Kf1 Rf5 36. Rxf5 gxf5 37. a4 Ra2 38. Rc7 Rxa4 39. Rxc5 Kg6 40. Kg2 Ra3 41. Rc6+ f6 42. Rc8 a5 43. Rg8+ Kf7 44. Rh8 Kg7 45. Ra8 a4 46. h4 h5 47. Ra5 Kg6 48. Ra8 f4 49. gxf4 Kf5 50. Rh8 Kg4 51. f5 Ra2+ 52. Kf1 a3 53. Rh6 Ra1+ 54. Kg2 a2 0-1